Cities by Zoo - Statistics

General Stats
  • This quiz has been taken 40 times
  • The average score is 8 of 15
Answer Stats
Picture Hint Answer % Correct
Berlin
78%
Bronx Zoo New York City
75%
Disney's Animal Kingdom Orlando
72%
Le zoo de Vincennes Paris
72%
San Diego
72%
Attention! You couldn't speak with snakes here London
66%
Artis Royal Zoo Amsterdam
47%
Beijing
47%
Schönbrunn Zoo Vienna
44%
Henry Doorley's Zoo Omaha
41%
Moscow
38%
Tierpark Hagenbeck Hamburg
34%
River Safari Singapore
34%
Attention! This famous gorilla died in 2003 Barcelona
25%
Prague
25%
No matching quizzes found
Score Distribution
Percent of People with Each Score
Percentile by Number Answered
Your Score History
You have not taken this quiz